سلسلة استطلاعات الرأي العام / (رقم التسجيلة. 180605)
[ عرض عادي ]
| 000 -LEADER | |
|---|---|
| fixed length control field | 01021nasaa22002531i 4500 |
| 003 - EG-GICUS | |
| control field | EG-GICUS |
| 005 - DATE AND TIME OF LATEST TRANSACTION | |
| control field | 20260623150741.0 |
| 008 - FIXED-LENGTH DATA ELEMENTS--GENERAL INFORMATION | |
| fixed length control field | 260623c20249999ua uu p 0 0ara d |
| 040 ## - CATALOGING SOURCE | |
| Original cataloging agency | EG-GICUS |
| Language of cataloging | ara |
| Transcribing agency | EG-GICUS |
| Description conventions | rda |
| 041 ## - LANGUAGE CODE | |
| Language code of text/sound track or separate title | ara |
| 043 ## - GEOGRAPHIC AREA CODE | |
| Geographic area code | f-ua--- |
| 049 ## - LOCAL HOLDINGS (OCLC) | |
| Acquisition Source | إهداء |
| 092 04 - LOCALLY ASSIGNED DEWEY CALL NUMBER (OCLC) | |
| Edition number | 303.38 |
| Classification number | S585 |
| Item number | 21 |
| 099 ## - LOCAL FREE-TEXT CALL NUMBER (OCLC) | |
| Classification number | 303.38 S585 |
| 245 ## - TITLE STATEMENT | |
| Title | سلسلة استطلاعات الرأي العام / |
| Statement of responsibility, etc. | المركز القومي لدراسات الشرق الاوسط. |
| 264 #1 - PRODUCTION, PUBLICATION, DISTRIBUTION, MANUFACTURE, AND COPYRIGHT NOTICE | |
| Place of production, publication, distribution, manufacture | القاهرة : |
| Name of producer, publisher, distributor, manufacturer | المركز القومي لدراسات الشرق الاوسط، |
| Date of production, publication, distribution, manufacture, or copyright notice | 2024- |
| 300 ## - PHYSICAL DESCRIPTION | |
| Extent | مجلد : |
| Other physical details | ايضاحيات؛ |
| Dimensions | 27سم. |
| 362 0# - DATES OF PUBLICATION AND/OR SEQUENTIAL DESIGNATION | |
| Dates of publication and/or sequential designation | العدد.1 (ديسمبر 2024)- |
| 541 ## - IMMEDIATE SOURCE OF ACQUISITION NOTE | |
| Source of acquisition | إهداء |
| Location | القاهرة |
| Gift | المركز القومي لدراسات الشرق الاوسط. |
| 650 7# - SUBJECT ADDED ENTRY--TOPICAL TERM | |
| Topical term or geographic name entry element | الرأى العام |
| Form subdivision | دوريات |
| Geographic subdivision | مصر |
| Source of heading or term | qramk |
| 710 2# - ADDED ENTRY--CORPORATE NAME | |
| Corporate name or jurisdiction name as entry element | مركز القومي لدراسات الشرق الاوسط (مصر،القاهرة) |
| 905 ## - LOCAL DATA ELEMENT E, LDE (RLIN) | |
| Cataloger | Abeer |
| Reviser | Abeer |
| 942 ## - ADDED ENTRY ELEMENTS (KOHA) | |
| Suppress in OPAC | No |
| Koha item type | Continuing Resources |
| 999 ## - | |
| -- | 180605 |
| -- | 180605 |
لا توجد مواد متاحة.